[Event "Karlstad op"]
[Site "Karlstad"]
[Date "2018.12.29"]
[Round "6"]
[White "Luna, Gustavo"]
[Black "Blomstrom, Lars"]
[Result "1/2-1/2"]
[WhiteElo "2047"]
[BlackElo "2167"]
[PlyCount "59"]
[EventDate "2018.12.27"]
[EventType "swiss"]
[EventRounds "8"]
[EventCountry "SWE"]
[SourceTitle "EXT 2020"]
[Source "ChessBase"]
[SourceDate "2019.10.17"]
[SourceVersion "1"]
[SourceVersionDate "2019.10.17"]
[SourceQuality "1"]

1. Nf3 Nf6 2. g3 g6 3. Bg2 Bg7 4. 0-0 d6 5. d4 0-0 6. c4 Nbd7 7. Nc3 e5 8. e3 Re8 9. Qb3 c6 10. Bd2 Qe7 11. Rfd1 h6 12. Be1 exd4 13. exd4 Nf8 14. h3 Be6 15. d5 cxd5 16. cxd5 Bf5 17. Nd4 Ne4 18. Nxe4 Bxe4 19. Bxe4 Qxe4 20. Nb5 Red8 21. Bb4 Qf5 22. Nxd6 Qxh3 23. Qf3 Qd7 24. Ne4 Nh7 25. Bc3 Rac8 26. Bxg7 Kxg7 27. Qe3 b6 28. Qd4+ Kg8 29. Rd2 f5 30. Nf6+ 1/2-1/2

[Event "Stockholm"]
[Site "Stockholm"]
[Date "2014.08.10"]
[Round "9"]
[White "Luna, Gustavo"]
[Black "Karlsson, Lars"]
[Result "0-1"]
[WhiteElo "2078"]
[BlackElo "2426"]
[PlyCount "52"]
[EventDate "2014.08.02"]
[EventType "tourn"]
[EventRounds "9"]
[EventCountry "SWE"]
[SourceTitle "EXT 2016"]
[Source "ChessBase"]
[SourceDate "2015.10.08"]
[SourceVersion "1"]
[SourceVersionDate "2015.10.08"]
[SourceQuality "1"]

1. Nf3 f5 2. g3 Nf6 3. Bg2 g6 4. 0-0 Bg7 5. c4 0-0 6. d3 d6 7. Qb3 Kh8 8. Nc3 e5 9. c5 Nc6 10. cxd6 cxd6 11. Bg5 h6 12. Bxf6 Qxf6 13. e3 g5 14. Rac1 Qe7 15. h4 Be6 16. Qa3 Bf6 17. hxg5 hxg5 18. Nb5 Rfd8 19. d4 e4 20. Nd2 Qg7 21. Nxd6 Be7 22. Nxf5 Bxf5 23. Qb3 Rd7 24. Nxe4 Rf8 25. Nc5 Bxc5 26. Rxc5 Qh6 0-1

[Event "Stockholm"]
[Site "Stockholm"]
[Date "2014.08.07"]
[Round "6"]
[White "Ask, Josef"]
[Black "Luna, Gustavo"]
[Result "1-0"]
[WhiteElo "2165"]
[BlackElo "2078"]
[PlyCount "46"]
[EventDate "2014.08.02"]
[EventType "tourn"]
[EventRounds "9"]
[EventCountry "SWE"]
[SourceTitle "EXT 2016"]
[Source "ChessBase"]
[SourceDate "2015.10.08"]
[SourceVersion "1"]
[SourceVersionDate "2015.10.08"]
[SourceQuality "1"]

1. e4 d6 2. d4 Nf6 3. Nc3 c6 4. f3 g6 5. Be3 Bg7 6. Qd2 b5 7. a4 b4 8. Nd1 a5 9. Bh6 Bxh6 10. Qxh6 Qb6 11. c3 Ba6 12. Bxa6 Nxa6 13. Ne2 Nc7 14. 0-0 Ne6 15. Nf2 Ng8 16. Qd2 Rb8 17. f4 Nf6 18. e5 bxc3 19. bxc3 dxe5 20. fxe5 Qb2 21. Qd3 Qb6 22. Ne4 Nd5 23. Nf2 Nf6 1-0

[Event "Stockholm"]
[Site "Stockholm"]
[Date "2014.08.06"]
[Round "5"]
[White "Luna, Gustavo"]
[Black "Jernselius, Kjell"]
[Result "1-0"]
[WhiteElo "2078"]
[BlackElo "1831"]
[PlyCount "75"]
[EventDate "2014.08.02"]
[EventType "tourn"]
[EventRounds "9"]
[EventCountry "SWE"]
[SourceTitle "EXT 2016"]
[Source "ChessBase"]
[SourceDate "2015.10.08"]
[SourceVersion "1"]
[SourceVersionDate "2015.10.08"]
[SourceQuality "1"]

1. Nf3 g6 2. g3 Bg7 3. Bg2 d6 4. 0-0 a6 5. c4 Nf6 6. Nc3 0-0 7. d3 Nbd7 8. Qb3 Rb8 9. Be3 c5 10. d4 b6 11. Rfd1 h6 12. a4 Bb7 13. h3 Ne4 14. Nxe4 Bxe4 15. Nh4 Bxg2 16. Kxg2 Kh7 17. Qd3 cxd4 18. Bxd4 Nc5 19. Qc2 Qc7 20. Bxg7 Kxg7 21. Nf3 Qc6 22. Rd4 b5 23. cxb5 Qb6 24. b4 Ne6 25. Rd5 Rfc8 26. Qb2+ Kg8 27. Qd2 Qb7 28. Rd1 Nc7 29. Rd4 axb5 30. Qxh6 g5 31. Qxg5+ Kf8 32. Rh4 Ke8 33. Rh7 bxa4 34. Qg8+ Kd7 35. Qxf7 Qe4 36. Rd4 Qe6 37. Qf4 Qg6 38. Ne5+ 1-0

[Event "Stockholm"]
[Site "Stockholm"]
[Date "2014.08.04"]
[Round "3"]
[White "Luna, Gustavo"]
[Black "Bryntze, Stefan"]
[Result "1-0"]
[WhiteElo "2078"]
[BlackElo "2231"]
[PlyCount "75"]
[EventDate "2014.08.02"]
[EventType "tourn"]
[EventRounds "9"]
[EventCountry "SWE"]
[SourceTitle "EXT 2016"]
[Source "ChessBase"]
[SourceDate "2015.10.08"]
[SourceVersion "1"]
[SourceVersionDate "2015.10.08"]
[SourceQuality "1"]

1. Nf3 f5 2. g3 b6 3. Bg2 Bb7 4. 0-0 Nf6 5. d3 e6 6. c4 Be7 7. Nc3 0-0 8. a3 Nc6 9. b4 Qe8 10. Nb5 Bd8 11. Bb2 a5 12. Qd2 Qh5 13. Qg5 Qe8 14. Qd2 Qh5 15. Qg5 Qe8 16. Qd2 h6 17. Bxf6 Rxf6 18. e4 Qh5 19. e5 Rf7 20. d4 Nxb4 21. axb4 Bxf3 22. bxa5 f4 23. Bxf3 Qxf3 24. axb6 fxg3 25. hxg3 Rxa1 26. Rxa1 Bg5 27. Qa2 cxb6 28. Qa8+ Rf8 29. Qxf3 Rxf3 30. Ra7 Rb3 31. Rxd7 Bc1 32. Rd6 Rb4 33. Rxb6 Rxc4 34. Rxe6 Bb2 35. Re8+ Kh7 36. Rd8 Rb4 37. e6 Ba3 38. Nxa3 1-0

[Event "Stockholm op"]
[Site "Stockholm"]
[Date "2010.08.16"]
[Round "3"]
[White "Heinola, Vesa Pekka"]
[Black "Luna, Gustavo"]
[Result "1-0"]
[WhiteElo "2234"]
[BlackElo "2052"]
[PlyCount "78"]
[EventDate "2010.08.16"]
[EventType "swiss"]
[EventRounds "9"]
[EventCountry "SWE"]
[SourceTitle "CBM 137 Extra"]
[Source "ChessBase"]
[SourceDate "2010.09.01"]
[SourceVersion "1"]
[SourceVersionDate "2010.09.01"]
[SourceQuality "1"]

1. d4 Nf6 2. c4 g6 3. Nc3 Bg7 4. e4 d6 5. f4 c6 6. Nf3 Bg4 7. Be2 0-0 8. 0-0 Nbd7 9. e5 Ne8 10. h3 Bxf3 11. Bxf3 dxe5 12. dxe5 f6 13. Bg4 f5 14. Bf3 e6 15. Be3 Rf7 16. Qe2 Nf8 17. Rfd1 Qh4 18. Qf2 Qxf2+ 19. Kxf2 g5 20. g3 Ng6 21. Ne2 Bf8 22. Rd3 Rc8 23. Rad1 a6 24. Bb6 Ng7 25. Rd8 Rxd8 26. Rxd8 Re7 27. Rb8 Rd7 28. Ke3 Kf7 29. Bd4 h6 30. a3 Be7 31. b4 a5 32. bxa5 Bxa3 33. Bxc6 bxc6 34. a6 c5 35. Rb7 cxd4+ 36. Kd3 Nf8 37. a7 Rxb7 38. Kd2 Rb3 39. Kc2 Bb4 1-0

[Event "SWE-chT 0607"]
[Site "Sweden"]
[Date "2006.11.19"]
[Round "5"]
[White "Collett, Peter"]
[Black "Luna, Gustavo"]
[Result "1/2-1/2"]
[WhiteElo "2225"]
[BlackElo "2193"]
[PlyCount "47"]
[EventDate "2006.10.20"]
[EventType "team"]
[EventRounds "11"]
[EventCountry "SWE"]
[SourceTitle "EXT 2009"]
[Source "ChessBase"]
[SourceDate "2008.11.26"]
[SourceVersion "1"]
[SourceVersionDate "2008.11.26"]
[SourceQuality "1"]
[WhiteTeam "Wasa"]
[BlackTeam "Sollentuna"]
[WhiteTeamCountry "SWE"]
[BlackTeamCountry "SWE"]

1. d4 Nf6 2. c4 e6 3. Nc3 d5 4. cxd5 exd5 5. Bg5 c6 6. e3 Nbd7 7. Bd3 Bd6 8. Qc2 h6 9. Bh4 0-0 10. Nge2 Re8 11. h3 Qa5 12. 0-0-0 Ne4 13. Nxe4 dxe4 14. Bxe4 Nb6 15. Nc3 Be6 16. g4 Bxa2 17. Nxa2 Qxa2 18. f3 Nc4 19. Rd3 a5 20. Qb1 Qa4 21. Qc2 Qa1+ 22. Qb1 Qa4 23. Qc2 Qa1+ 24. Qb1 1/2-1/2

[Event "Rilton Cup 33rd"]
[Site "Stockholm"]
[Date "2003.12.31"]
[Round "5"]
[White "Bromann, Thorbjorn"]
[Black "Luna, Gustavo"]
[Result "1/2-1/2"]
[WhiteElo "2360"]
[BlackElo "2136"]
[PlyCount "91"]
[EventDate "2003.12.27"]
[EventType "swiss"]
[EventRounds "9"]
[EventCountry "SWE"]
[SourceTitle "CBM 097 Extra"]
[Source "ChessBase"]
[SourceDate "2004.01.13"]
[SourceVersion "1"]
[SourceVersionDate "2004.01.13"]
[SourceQuality "1"]

1. e4 c5 2. Nf3 Nc6 3. d4 cxd4 4. Nxd4 Nf6 5. Nc3 e5 6. Ndb5 d6 7. Bg5 a6 8. Na3 b5 9. Bxf6 gxf6 10. Nd5 f5 11. Bd3 Be6 12. 0-0 Bxd5 13. exd5 Ne7 14. c3 Bg7 15. Nc2 0-0 16. a4 e4 17. Be2 Qb6 18. axb5 axb5 19. Qd2 Ng6 20. Na3 f4 21. Rfb1 e3 22. fxe3 fxe3 23. Qe1 Be5 24. Bxb5 Qc5 25. Bc6 Rab8 26. Nc2 Rxb2 27. Rxb2 Bxc3 28. Qxe3 Qxe3+ 29. Nxe3 Bxb2 30. Rd1 Ne5 31. Nf5 Ba3 32. Rb1 h5 33. Ng3 Nxc6 34. dxc6 Rc8 35. Nf5 d5 36. Rd1 Rxc6 37. Rxd5 Kh7 38. Kf2 Rc5 39. Rxc5 Bxc5+ 40. Kf3 Kg6 41. Ng3 Bd6 42. Nf1 Kg5 43. h3 Bf4 44. Ke4 h4 45. Kf3 Kf5 46. Ne3+ 1/2-1/2

[Event "Rilton Cup 33rd"]
[Site "Stockholm"]
[Date "2003.12.30"]
[Round "4"]
[White "Luna, Gustavo"]
[Black "Helin, Mikael"]
[Result "1-0"]
[WhiteElo "2136"]
[BlackElo "1971"]
[PlyCount "55"]
[EventDate "2003.12.27"]
[EventType "swiss"]
[EventRounds "9"]
[EventCountry "SWE"]
[SourceTitle "CBM 097 Extra"]
[Source "ChessBase"]
[SourceDate "2004.01.13"]
[SourceVersion "1"]
[SourceVersionDate "2004.01.13"]
[SourceQuality "1"]

1. Nf3 c5 2. g3 Nc6 3. Bg2 e5 4. d3 h6 5. c4 Nge7 6. Nc3 g5 7. Ne4 Ng6 8. h4 g4 9. Nfd2 h5 10. Nb3 Be7 11. Nc3 f5 12. Nd5 f4 13. Be4 Rg8 14. Qc2 Nf8 15. Bd2 a5 16. a4 Ne6 17. e3 Kf7 18. d4 cxd4 19. exf4 exf4 20. Bh7 Rg7 21. Qf5+ Bf6 22. Qxh5+ Kf8 23. Bg6 Kg8 24. Qf5 Be7 25. h5 Bb4 26. h6 Rxg6 27. Qxg6+ Kh8 28. Nf6 1-0